|
|
|
|
| LEADER |
00664ngm a2200193 i 4500 |
| 001 |
eta3143 |
| 005 |
20200916085814.0 |
| 008 |
200916s2020 hu o 0|| hun d |
| 040 |
|
|
|a SZTE Elektronikus Tananyag Archívum
|b hun
|
| 041 |
|
|
|a hun
|
| 100 |
1 |
|
|a Kincses Bálint
|
| 245 |
1 |
0 |
|a MR szekvenciák
|h [elektronikus dokumentum] /
|c Kincses Bálint
|
| 260 |
|
|
|c 2020-06-01
|
| 516 |
|
|
|a Video
|
| 650 |
|
4 |
|a Orvos- és egészségtudomány
|
| 650 |
|
4 |
|a Klinikai orvostan
|
| 650 |
|
4 |
|a Radiológia, sugárgyógyászat és orvosi képalkotás
|
| 700 |
0 |
1 |
|a Kincses Zsigmond Tamás
|e aut
|
| 856 |
4 |
0 |
|u https://eta.bibl.u-szeged.hu/3143/1/MRIszekvenciakalapjai.mp4
|z Dokumentum-elérés
|